000 01257nam0a2200349 4500
001 RU\NLR\bibl\85128
005 20250616110030.0
010 _a5-7657-0079-9
_915000
021 _aRU
_b1999-49009
_92432
035 _a(NLR Aleph) 000083144
090 _a463744
_c463744
100 _a20000511d1999 |||y0rusy50 ca
101 0 _arus
102 _aRU
105 _ay |||||||||
200 1 _aПицца и рецепты итальянской кухни
210 _aМ.
_cЦитадель
_d1999
215 _a189,[2] с.
_d20
225 1 _aДля вас
300 _aНа обл.: Пицца. Блюда итальянской кухни
512 1 _aПицца. Блюда итальянской кухни
606 0 _aПицца
_xРецептура
_91991610
_3RU\NLR\auth\66914420
606 0 _aКулинарное производство
_xИтальянская кухня
_xИстория
_91216179
_3RU\NLR\auth\66494278
606 0 _aИтальянская кухня
_92100450
_3RU\NLR\auth\661270383
686 _aЛ869
686 _aЛ997(3)Итальянская
801 0 _aRU
_bNLR
_c20000511
_gPSBO
801 1 _aRU
_bNLR
_c20000511
852 _aNLR
_j2000-3/2482
942 _cBOOK
980 _aNB